000 00767nam a2200241Ia 4500
005 20260121113223.0
008 12255 260114s9999 xx 000 0 eng d
020 _a9789814541589
037 _aEBOOK
040 _aCRL
_beng
_cCRL
041 _aeng
_2eng
084 _qCRL
100 _aChristensen A N Et Al
_9970132
245 0 _aCrystal Growth and Characterization of Advanced Materials - Proceedings of the International School on Crystal Growth and Characterization of Advanced Matherials
260 _bWorld Scientific
260 _bWSPC
260 _c1988
650 _aMaterials Science
_9970133
856 _uhttps://www.worldscientific.com/worldscibooks/10.1142/0714#t=toc
942 _cEBOOK
999 _c1549555
_d1549555